Contribución al análisis del pensamiento de A. C. Sandino /
Guardado en:
| Hovedforfatter: | |
|---|---|
| Institution som forfatter: | |
| Andre forfattere: | |
| Format: | Texto |
| Udgivet: |
Managua:
Asociación Salvadoreña de Cientistas Sociales
|
| Tags: |
Tilføj Tag
Ingen Tags, Vær først til at tagge denne postø!
|
MARC
| LEADER | 00000 a a2200000 04500 | ||
|---|---|---|---|
| 001 | 21387 | ||
| 003 | |||
| 040 | |||
| 090 | |a 094000 | ||
| 100 | |a Fierro, Paco | ||
| 110 | |a UNAH | ||
| 245 | |a Contribución al análisis del pensamiento de A. C. Sandino / |c Paco Fierro | ||
| 260 | |a Managua: |b Asociación Salvadoreña de Cientistas Sociales | ||
| 300 | |a 28 p. | ||
| 700 | |a Kinloch Tijerino, Frances |a Vannini, Margarita |a Romeo, Lorenzo |a Colombi, Margarita | ||
| 999 | |c 10508 |d 10508 | ||
